İçeriği atla

Вопросы согласования в микроволновой технике учебно-методическое пособие

Настоящее пособие содержит базовые теоретические сведения о синтезе широкополосных согласующих цепей методами Боде–Фано и Юлы, задания и методические рекомендации для выполнения расчетно-графического задания по дисциплине «Вопросы согласования в микроволновой технике». Пособие адресовано студентам I...

Ful tanımlama

Kaydedildi:
Detaylı Bibliyografya
Yazar: Савиных И. С.
Materyal Türü: Книга
Dil:Russian
Baskı/Yayın Bilgisi: Новосибирск НГТУ 2019
Online Erişim:https://e.lanbook.com/book/152221
https://e.lanbook.com/img/cover/book/152221.jpg
Etiketler: Etiketle
Etiket eklenmemiş, İlk siz ekleyin!
LEADER 01762nam0a2200253 i 4500
001 152221
003 RuSpLAN
005 20221220174103.0
008 221220s2019 ru gs 000 0 rus
020 |a 978-5-7782-3811-4 
040 |a RuSpLAN 
041 0 |a rus 
044 |a ru 
080 |a 621.372.51.049.77(075.8) 
245 0 0 |a Вопросы согласования в микроволновой технике  |b учебно-методическое пособие  |c Савиных И. С. 
260 |a Новосибирск  |b НГТУ  |c 2019 
300 |a 60 с. 
504 |a Библиогр.: доступна в карточке книги, на сайте ЭБС Лань 
520 8 |a Настоящее пособие содержит базовые теоретические сведения о синтезе широкополосных согласующих цепей методами Боде–Фано и Юлы, задания и методические рекомендации для выполнения расчетно-графического задания по дисциплине «Вопросы согласования в микроволновой технике». Пособие адресовано студентам IV курса, обучающимся по направлениям «Радиотехника» и «Инфокоммуникационные технологии и системы связи». 
521 8 |a Книга из коллекции НГТУ - Инженерно-технические науки 
100 1 |a Савиных И. С. 
856 4 |u https://e.lanbook.com/book/152221 
856 4 8 |u https://e.lanbook.com/img/cover/book/152221.jpg 
953 |a https://e.lanbook.com/img/cover/book/152221.jpg